1136 1363 1920 1983 1679 1407 1730 1685 1234 1061 1839 1793 1070 1237 1226 1388 1812 1752 1804 1800 1246 1286 1236 1757 1911 1505 1551 1789 1555 1589 1755 1142 1729 1298 1628 1015 1305 1850 1272 1011 1426 1934 1814 1599 1749 1149 1165 1071 1185 1425 1467 1688 1743 1313 1144 1198 1841 1547 1855 1023 1333 1108 1464 1391 1549 1462 1257 1788 1687 1014 1425 1401 1345 1922 1094 1805 1117 1926 1091 1231 1133 1656 1843 1390 1545 1362 1619 1236 1712 1164 1101 1232 1882 1801 1474 1614 1725 1998 1715 BCNSPRNW ULIB Ver.6.0+V

เปลี่ยนเป็นภาษาไทย

Change to English
 แสดงรายละเอียดบรรณานุกรม
  กลับหน้าหลัก

Brief Record : Get Marc (ISO 2709) : E-mail record : QR code < ปิดหน้าต่าง
LEADER : 00000nam 2200000uu 4500
001    13399114242
003     ULIB
008    110901s||||||||th 000 0 tha d
020    9789740326700
050  4 H62^bอ622ก
100 0  อาทวรรณ โชติพฤกษ์
245 10 ก้าวสู่ความเป็นนักวิจัยมืออาชีพ /^cอาทวรรณ โชติพฤกษ์
260    กรุงเทพฯ :^bศูนย์หนังสือจุฬาลงกรณ์มหาวิทยาลัย,^c2553
300    145 หน้า
650  7 วิจัย
710 1  ศูนย์หนังสือจุฬาลงกรณ์มหาวิทยาลัย
945    ^p130^l0^i031217
995    ทศพร
999 ^a ทศพร
รายการนี้ยังไม่มีแท็ก
คุณยังไม่ได้ล็อกอิน คุณสามารถมีกิจกรรมร่วมกับเว็บไซต์ได้ แต่ต้องล็อกอินก่อน ::
  ล็อกอิน

รายการสื่อสารสนเทศ

ลำดับที่ ประเภท เลขเรียก/บาร์โค้ด สถานที่ สถานะ
- ไม่พบข้อมูล -

รายการใกล้เคียง
    หัวเรื่อง [วิจัย]

BibComment


ยังไม่เคยถูกคอมเมนท์

คอมเมนท์ทรัพยากรรายการนี้
  คอมเมนท์: ก้าวสู่ความเป็นนั..


 Copyright 2026. Bcnsprnw @Library